Pesquisa e políticas públicas no Estado de Mato Grosso / (Record no. 1114)
[ view plain ]
| 000 -LÍDER | |
|---|---|
| Campo Fixo de Controle | 00985nam a2200253 a 4500 |
| 001 - NÚMERO DE CONTROLE | |
| Campo de Controle | 1114 |
| 003 - IDENTIFICAÇÃO DO NÚMERO DE CONTROLE | |
| Campo de Controle | BR-CuiBMT |
| 005 - DATA E HORA DA ÚLTIMA ATUALIZAÇÃO | |
| Campo de Controle | 20231128220629.0 |
| 008 - DADOS FIXOS | |
| Dados Fixos | 231128s2011 mtba 000 0 por d |
| 020 ## - INTERNATIONAL STANDARD BOOK NUMBER | |
| Nº do ISBN | 9788536620619 |
| 040 ## - AGÊNCIA CATALOGADORA | |
| Código da Agência Catalogadora | BR-CuiBMT |
| Agência que transcreveu o registro | BR-CuiBMT |
| 080 ## - Nº DA CLASSIFICAÇÃO DECIMAL UNIVERSAL | |
| Nº Class. CDU | 001.891:378 |
| Subd. Auxiliar Comum | (817.2) |
| Nº edição CDU | 2007 |
| 090 ## - NÚMERO DE CHAMADA | |
| Nº classificação | 001.891:378(817.2) |
| Cutter | P474 |
| 245 00 - TÍTULO PRINCIPAL | |
| Título principal | Pesquisa e políticas públicas no Estado de Mato Grosso / |
| Indicação de responsabilidade | Superintendência da escola de governo do Estado de Mato Grosso ; [organizadores: Almir Balieiro ... et al.] |
| 260 ## - PUBLICAÇÃO, DISTRIBUIÇÃO, ETC. | |
| Local de publicação | São Paulo : |
| Editora | Scortecci, |
| Data | 2011. |
| 300 ## - DESCRIÇÃO FÍSICA | |
| N. páginas ou volumes | 197 p. : |
| Ilustrações | il., (algumas color,) |
| Dimensões | 21 cm |
| 504 ## - NOTA DE BIBLIOGRAFIA, ETC. | |
| Nota de bibliografia | inclui bibliografia. |
| 650 ## - ASSUNTO TÓPICO | |
| Cabeçalho tópico ou nome geográfico | Educação superior |
| Subdivisão geral | Pesquisa |
| Subdivisão geográfica | Mato Grosso |
| 650 ## - ASSUNTO TÓPICO | |
| Cabeçalho tópico ou nome geográfico | Universidade Federal de Mato Grosso |
| Subdivisão geral | Escolas superiores |
| Subdivisão geográfica | Mato Grosso |
| 650 ## - ASSUNTO TÓPICO | |
| Cabeçalho tópico ou nome geográfico | Políticas públicas |
| Subdivisão geográfica | Mato Grosso |
| 650 ## - ASSUNTO TÓPICO | |
| Cabeçalho tópico ou nome geográfico | Ensino superior |
| Subdivisão geral | Política educacional |
| Subdivisão geográfica | Mato Grosso |
| 700 ## - ENTRADA SECUNDÁRIA -- NOME PESSOAL | |
| Nome pessoal | Balieiro, Almir |
| Cód. do termo explicativo | et al. |
| -- | [org,] |
| 942 ## - ELEMENTOS DE ENTRADA ADICIONAIS (KOHA) | |
| Fonte de classificação ou esquema de arquivamento | Classificação Decimal Universal |
| Tipo de item do Koha | Livros |
| Estado: removido | Estado: perdido | Fonte de classificação ou esquema de arquivamento | Estado: danificado | Indisponível para empréstimo | Localização permanente | Localização atual | Data de aquisição | Total Checkouts | Número de Chamada completo | Código de barras | Date last seen | Número do exemplar | Preço efetivo a partir de | Tipo de item (Koha) |
|---|---|---|---|---|---|---|---|---|---|---|---|---|---|---|
| Classificação Decimal Universal | Biblioteca da Escola Superior de Contas do TCE/MT | Biblioteca da Escola Superior de Contas do TCE/MT | 28/11/2023 | 001.891:378(817.2) P474 | BIBTCEMT23111280 | 28/11/2023 | Ex. 1 | 28/11/2023 | Livros | |||||
| Classificação Decimal Universal | Biblioteca da Escola Superior de Contas do TCE/MT | Biblioteca da Escola Superior de Contas do TCE/MT | 05/12/2023 | 001.891:378(817.2) P474 | BIBTCEMT23120182 | 05/12/2023 | Ex. 2 | 05/12/2023 | Livros |